Program Čisté ruky
Programové vyhlásenie NR SR - Čisté ruky. Zvýšenie morálky, bezúhonnosti a nepodplatiteľnosti štátnych orgánov. Zabránenie prepieraniu finančných prostriedkov získaných trestnou činnosťou, nedodržiavaním zákonov a ostatných právnych predpisov. Úprava právneho poriadku. Novelizácie právnych predpisov...
Guardado en:
| Formato: | Capítulo de libro |
|---|---|
| Lenguaje: | eslovaco |
| Materias: | |
| Etiquetas: |
Sin Etiquetas, Sea el primero en etiquetar este registro!
|
MARC
| LEADER | 00000naa a2200000 4500 | ||
|---|---|---|---|
| 001 | r018149 | ||
| 005 | 20221213100200.7 | ||
| 041 | 0 | |a slo | |
| 044 | |a SK | ||
| 245 | 1 | 0 | |a Program Čisté ruky |
| 520 | |a Programové vyhlásenie NR SR - Čisté ruky. Zvýšenie morálky, bezúhonnosti a nepodplatiteľnosti štátnych orgánov. Zabránenie prepieraniu finančných prostriedkov získaných trestnou činnosťou, nedodržiavaním zákonov a ostatných právnych predpisov. Úprava právneho poriadku. Novelizácie právnych predpisov v oblasti legislatívnej, inštitucionálnej a organizačnej, personálnej, výchovno-vzdelávacej a masmediálnej. | ||
| 610 | 2 | 0 | |a programy vládne |
| 610 | 2 | 0 | |a morálka pracovná |
| 610 | 2 | 0 | |a korupcia |
| 610 | 2 | 0 | |a orgány štátne |
| 610 | 2 | 0 | |a predpisy právne |